Dos ensayos hematológicos / (Record no. 13771)

000 -CABECERA
fixed length control field 00855nam a22002057a 4500
003 - IDENTIFICADOR DEL NÚMERO DE CONTROL
control field AR-CdUCM
008 - DATOS DE LONGITUD FIJA--INFORMACIÓN GENERAL
fixed length control field 190416b ||||| |||| 00| 0 spa d
040 ## - FUENTE DE LA CATALOGACIÓN
Agencia/entidad que catalogó originalmente la obra MUNICIPALIDAD PROVINCIAL DEL CUSCO
Entidad que transcribió la catalogación BIBLIOTECA MUNICIPAL DEL CUSCO
082 ## - NÚMERO DE LA CLASIFICACIÓN DECIMAL DEWEY
No. de Clasificación 611.1 /
Notacion interna E86 / 1947
100 ## - ENTRADA PRINCIPAL--NOMBRE DE PERSONA
Nombre Personal Espinosa Vargas, José Antonio
245 ## - MENCIÓN DE TÍTULO
Título Dos ensayos hematológicos /
260 ## - PUBLICACIÓN, DISTRIBUCIÓN, ETC.
Lugar de publicación, distribución, etc. Cochabamba :
Nombre de la editorial, distribuidor, etc. Universitaria,
Fecha de publicación, distribución, etc. 1947.
300 ## - DESCRIPCIÓN FÍSICA
Nº de Páginas Extensión 104, IV páginas ;
Dimensiones 28 cm.
Otros detalles físicos Tablas y gráficos,
505 ## - NOTA DE CONTENIDO CON FORMATO
Nota de contenido formateada Contenido : Informe de los catedráticos -- Historia de la evolución de la hematóloga -- Citología sanguinea -- Numeración de los glóbulos rojos y determinación de la concentración de hemoglobina en Cochabamba ...
650 ## - PUNTO DE ACCESO ADICIONAL DE MATERIA--TÉRMINO DE MATERIA
Descriptor Medicina
9 (RLIN) 3637
650 ## - PUNTO DE ACCESO ADICIONAL DE MATERIA--TÉRMINO DE MATERIA
Descriptor Humana
9 (RLIN) 19436
650 ## - PUNTO DE ACCESO ADICIONAL DE MATERIA--TÉRMINO DE MATERIA
Descriptor Bolivia
9 (RLIN) 1138
942 ## - ELEMENTOS DE PUNTO DE ACCESO ADICIONAL (KOHA)
Fuente de clasificación
Tipo de item Libros-BMC
945 ## - PROCESAMIENTO DE INFORMACIÓN LOCAL (OCLC)
Catalogador rah
AAAA-MM-DD - Fecha de ingreso o modificacion 16/04/2019
Holdings
Estado de retiro (separado) Fuente de clasificación o esquema de estanterías Estado dañado Ubicación Sala donde se ubica Nombre de la colección Fecha de adquisición o compra Costo, precio normal en soles Signatura topográfica Código de Barras Última vez visto (Koha) Tipo de ítem (Koha)
No     Sala Cusco Antiguo Sala Cusco Antiguo Book Cart 2019-04-16 20.00 611.1 / E86 / 1947 SCA0002952 2019-04-16 Libros-BMC

Powered by Koha